000 01013nkc a22002297a 4500
001 85862
005 20260430104810.0
007 kh bo
008 260430s1890 sp ||||| |||| |0| i|spa d
040 _aM-RABA
_bspa
_cM-RABA
245 0 1 _a[Iglesia de San Miguel, Navarra
_b: Retablo Mayor]
_h[Material gráfico]
260 _c[ca. 1890]
300 _a2 fotografías
_b: aristotipo
_c, imagen 24 x 18 cm
500 0 0 _aFotografía del Retablo Mayor de la Iglesia de San Miguel de Aoiz, Navarra.
500 0 0 _aImagen duplicada.
500 0 0 _aNota manuscrita a lápiz al verso de la imagen: Fot-827: "Retablo de S. Miguel de Aoiz (Navarra)". Fot-828: "Retablo mayor de la parroquial de Aoiz (Navarra).
651 7 _aNavarra (España)
_975271
655 0 _aFotografías de monumentos
_9111580
852 _jFot-827; Fot-828
856 _uhttps://archivoybiblioteca.realacademiabellasartessanfernando.com/cgi-bin/koha/opac-retrieve-file.pl?id=9300886c1aadaac6cf68f070811e1aa9
_yFot-827
942 _cFOTOGRAFÍA
_n0
999 _c85862
_d85862